Trade financing (Record no. 60172)

MARC details
000 -LEADER
fixed length control field 00500nam a2200145 a 4500
008 - FIXED-LENGTH DATA ELEMENTS--GENERAL INFORMATION
fixed length control field 120416s1981 ||||||||||||||||| || u
050 ## - LIBRARY OF CONGRESS CALL NUMBER
Classification number HF 1411 Tra
100 ## - MAIN ENTRY--PERSONAL NAME
Personal name Gmur, Charles J
245 10 - TITLE STATEMENT
Title Trade financing
246 ## - VARYING FORM OF TITLE
Title proper/short title co-ordinated by Charles J. Gmur
260 ## - PUBLICATION, DISTRIBUTION, ETC.
Place of publication, distribution, etc. London
Name of publisher, distributor, etc. Euromoney
Date of publication, distribution, etc. 1981
300 ## - PHYSICAL DESCRIPTION
Extent 190p. : ill.
350 ## - PRICE (NR) (BK AM CF MU VM SE) [OBSOLETE]
Price 0.00
995 ## - RECOMMENDATION 995 [LOCAL, UNIMARC FRANCE]
-- 0.00
-- CBU-MAIN LIBRARY (Kitwe)
-- 1
-- 0.00
-- 1
-- AVAILABLE
-- Main Library Open Access Collection
Holdings
Withdrawn status Lost status Source of classification or shelving scheme Damaged status Not for loan Home library Current library Shelving location Date acquired Total Checkouts Full call number Barcode Date last seen Price effective from Koha item type
          CBU-MAIN LIBRARY, KITWE. CBU-MAIN LIBRARY, KITWE.   11/30/2022   HF 1411 Tra 005812 11/30/2022 11/30/2022 MONOGRAPH